Statistics for Five Most Visited Countries by Continent

Click here to take the quiz!

General Stats

  • This quiz has been taken 2,815 times
  • The average score is 25 of 30

Answer Stats

Continent# ArrivalsCountry% Correct
Europe84.7 milFrance
99%
North America69.8 milUnited States
98%
Asia55.7 milChina
98%
Oceania6.4 milAustralia
97%
North America23.5 milMexico
97%
Europe31.1 milUnited Kingdom
97%
Europe47.8 milItaly
97%
North America16.3 milCanada
97%
Europe60.7 milSpain
96%
Africa9.2 milEgypt
96%
Africa9.2 milSouth Africa
96%
Oceania2.6 milNew Zealand
96%
South America5.8 milBrazil
95%
Europe31.2 milGermany
95%
South America5.5 milArgentina
93%
Oceania658,000Fiji
89%
South America3.6 milChile
89%
South America3.2 milPeru
88%
Africa9.4 milMorocco
86%
North America2.8 milCuba
80%
Asia26.5 milThailand
79%
South America2.6 milUruguay
71%
Oceania174,000Papua New Guinea
68%
Oceania116,000Samoa
63%
Africa6.2 milTunisia
63%
Asia37.8 milTurkey
60%
North America4.7 milDominican Republic
56%
Asia25.7 milMalaysia
53%
Asia14.3 milSaudi Arabia
52%
Africa1.9 milMozambique
15%

Score Distribution

Percentile by Number Answered

Percent of People with Each Score

Your Score History

You have not taken this quiz